Historia y orígenes del lenguaje
Đã lưu trong:
| Tác giả chính: | |
|---|---|
| Định dạng: | Sách |
| Ngôn ngữ: | Tiếng Tây Ban Nha |
| Được phát hành: |
Madrid
Alianza
1974
|
| Loạt: | El libro de bolsillo. Sección humanidades
|
| Những chủ đề: | |
| Các nhãn: |
Thêm thẻ
Không có thẻ, Là người đầu tiên thẻ bản ghi này!
|
MARC
| LEADER | 00000nam a2200000 a 4500 | ||
|---|---|---|---|
| 001 | UCZ0067 | ||
| 003 | CL-VaPUC | ||
| 008 | 950724e19740000SP |||||||||||||||||spa|d | ||
| 082 | 0 | 4 | |a 417.9 |b DIA |2 21 |
| 100 | 0 | |a Diamond, A. S |e author |9 342653 | |
| 245 | 1 | 0 | |a Historia y orígenes del lenguaje |
| 300 | |a 381 p | ||
| 942 | |c BK | ||
| 945 | |d 19950724 00:00:00 |a cmena | ||
| 260 | |a Madrid |b Alianza |c 1974 | ||
| 650 | 0 | |a Lingüística |9 265068 | |
| 650 | 0 | |a Historia |9 255047 | |
| 650 | 0 | |a Filología |9 321245 | |
| 650 | 0 | |a Gramática |9 270497 | |
| 650 | 0 | |a Desarrollo del lenguaje |9 311270 | |
| 583 | |a last modification |c 19950724 00:00:00 |k Rodrigo Vera | ||
| 490 | 0 | |a El libro de bolsillo. Sección humanidades | |
| 999 | |c 237040 |d 237038 | ||
| 952 | |0 0 |1 0 |4 0 |6 417_900000000000000_DIA_1974 |7 0 |8 P |9 245715 |a BIBEDU |b BIBEDU |c BIBEDU_PB |d 2019-11-18 |i 1542362 |o 417.9 DIA 1974 |p 1542362 |r 2024-01-25 |w 2019-11-18 |y BK |k EDU | ||
| 952 | |0 0 |1 0 |4 0 |6 417_900000000000000_DIA_1974 |7 0 |8 P |9 245716 |a BIBEDU |b BIBEDU |c BIBEDU_PB |d 2019-11-18 |i 1602462 |o 417.9 DIA 1974 |p 1602462 |r 2024-01-25 |w 2019-11-18 |y BK |k EDU | ||
| 952 | |0 0 |1 0 |4 0 |6 417_900000000000000_DIA_1974 |7 0 |8 P |9 245717 |a BIBEDU |b BIBEDU |c BIBEDU_PB |d 2019-11-18 |i 2012774 |o 417.9 DIA 1974 |p 2012774 |r 2024-01-25 |w 2019-11-18 |y BK |k EDU | ||
| 952 | |0 0 |1 0 |4 0 |6 417_900000000000000_DIA_1974 |7 0 |8 P |9 245718 |a BIBEDU |b BIBEDU |c BIBEDU_PB |d 2019-11-18 |i 2012758 |o 417.9 DIA 1974 |p 2012758 |r 2024-01-25 |w 2019-11-18 |y BK |k EDU | ||
| 952 | |0 0 |1 0 |4 0 |6 417_900000000000000_DIA_1974 |7 0 |8 A |9 245719 |a FDOPOS |b FDOPOS |d 2019-11-18 |i 1467859 |o 417.9 DIA 1974 |p 1467859 |r 2025-01-22 |w 2019-11-18 |y BK |k MLA | ||